Danza general de la muerte / (Record no. 2697)
[ view plain ]
| 000 -CABECERA | |
|---|---|
| campo de control de longitud fija | 00644cam a2200193 a 4500 |
| 001 - NÚMERO DE CONTROL | |
| campo de control | 000002863 |
| 005 - FECHA Y HORA DE LA ÚLTIMA TRANSACCIÓN | |
| campo de control | 20200929150255.0 |
| 008 - DATOS DE LONGITUD FIJA--INFORMACIÓN GENERAL | |
| campo de control de longitud fija | 730618s1966 ag b 001 0 spa |
| 040 ## - FUENTE DE LA CATALOGACIÓN | |
| Centro catalogador/agencia de origen | DO-SdBNP |
| Lengua de catalogación | spa |
| Centro/agencia transcriptor | BNPHU |
| 041 17 - CÓDIGO DE LENGUA | |
| Código de lengua del texto/banda sonora o título independiente | spa |
| Código de lengua original | eng |
| 082 ## - NÚMERO DE LA CLASIFICACIÓN DECIMAL DEWEY | |
| Número de clasificación | xx |
| Número de documento/Ítem | xx |
| 100 1# - ENTRADA PRINCIPAL--NOMBRE DE PERSONA | |
| Nombre de persona | Bermejo Hurtado, Haydee |
| 9 (RLIN) | 9089 |
| 245 10 - MENCIÓN DE TÍTULO | |
| Título | Danza general de la muerte / |
| Mención de responsabilidad, etc. | Haydee Bermejo Hurtado y Dinko Cvitanovic. |
| 260 ## - PUBLICACIÓN, DISTRIBUCIÓN, ETC. | |
| Lugar de publicación, distribución, etc. | Bahia Blanca : |
| Nombre del editor, distribuidor, etc. | Panzini Hnos. S.A.I.C., |
| Fecha de publicación, distribución, etc. | 1966. |
| 300 ## - DESCRIPCIÓN FÍSICA | |
| Extensión | xxv, 58 p. ; |
| Dimensiones | 21 cm. |
| 490 #1 - MENCIÓN DE SERIE | |
| Mención de serie | Cuadernos del Sur, |
| -- | Textos comentados ; |
| Designación de volumen o secuencia | no. 2 |
| 504 ## - NOTA DE BIBLIOGRAFÍA, ETC. | |
| Nota de bibliografía, etc. | Incluye referencias bibliográficas : p. 45-50. |
| 700 1# - PUNTO DE ACCESO ADICIONAL--NOMBRE DE PERSONA | |
| Nombre de persona | Cvitanovic, Dinko |
| 9 (RLIN) | 9090 |
| Estado de retiro | Estado de pérdida | Restricciones de uso | No para préstamo | Código de colección | Localización permanente | Ubicación/localización actual | Ubicación en estantería | Fecha de adquisición | Número de inventario | Total de préstamos | Signatura topográfica completa | Código de barras | Fecha visto por última vez | Precio válido a partir de | Tipo de ítem Koha |
|---|---|---|---|---|---|---|---|---|---|---|---|---|---|---|---|
| Préstamo interno | Monografías: Libros y Folletos | General | General | En catalogación | 04.07.2009 | LF1 | xx xx | 2863-10 | 25.06.2020 | 25.06.2020 | Préstamo interno |
